Study on Chinese outbound travel to Africa

Αποθηκεύτηκε σε:
Λεπτομέρειες βιβλιογραφικής εγγραφής
Συγγραφή απο Οργανισμό/Αρχή: World Tourism Organization
Μορφή: Βιβλίο
Γλώσσα:English
Δημοσίευση: Madrid : World Tourism Organization, c2010
Θέματα:
Ετικέτες: Προσθήκη ετικέτας
Δεν υπάρχουν, Καταχωρήστε ετικέτα πρώτοι!

MARC

LEADER 00000cam a2200000 i 4500
001 1/16595
008 111121s2010 eng d
020 |a 978-92-844-1369-0 
035 |l 10111408 
040 |a GR-MY-UA  |b gre  |e aacr 
041 0 |a eng 
082 0 |a 338.479151  |2 (22) 
110 2 |a World Tourism Organization. 
245 1 0 |a Study on Chinese outbound travel to Africa /  |c World Tourism Organization 
260 |a Madrid :   |b World Tourism Organization,   |c c2010 
300 |a xiii, 110 σ.;  |b πίν., σχ.;  |c 30 εκ. 
650 0 0 |a Travel. 
650 0 0 |a Tourism  |z China. 
650 0 0 |a Tourism  |z Africa. 
852 |a INST  |b CHIOS  |e 20111121  |h 338.479151 WOR  |p 005200033421  |q 005200033421  |t BK  |y 0 
901 |a BIBL2-2011-3 
909 |a Χ  |b 168803 
970 |a ΣΠΕΝΤΖΑ  |b ΕΛΕΝΗ  |z 2011/11/21